Diseño de pavimento flexible y estudio de evaluación de impacto ambiental del desdoblamiento de la carretera Ticuantepe - Masaya - Granada, específicamente en el desvió Masaya - Coyotepe - Las Flores

Presenta el diseño de pavimento flexible y estudio de evaluación de impacto ambiental del desdoblamiento de la carretera Ticuantepe - Masaya - Granada, específicamente en el desvío Masaya - Coyotepe - Las Flores el cual plantea la metodología a usar en un estudio de tráfico para el diseño de...

Full description

Bibliographic Details
Main Authors: Aburto Rayo, Harvey Omar, Acuña López, Hildeigard del Socorro
Other Authors: Tutor: Bustamante Arteaga, José Fernando
Format: Tesis Section = Libro
Language:Undetermined
Spanish
Published: Managua UNI 2007
Subjects:
LEADER 01698nam a2200265Ia 4500
008 240830s9999 xx 000 0 und d
040 |a BIBLIOTECA-RUPAP T.Mon 625.8 A167 
041 |a spa 
082 |a T.Mon 625.8 A167 
100 1 |a Aburto Rayo, Harvey Omar 
100 1 |b Acuña López, Hildeigard del Socorro 
245 1 0 |a Diseño de pavimento flexible y estudio de evaluación de impacto ambiental del desdoblamiento de la carretera Ticuantepe - Masaya - Granada, específicamente en el desvió Masaya - Coyotepe - Las Flores 
260 |a Managua  |b UNI  |c 2007 
300 |a p. irreg. :il. 
500 |a Contiene: anexos. 
502 |a Tesis (Ingeniero Civil)- UNI, 2007. 
520 3 |a Presenta el diseño de pavimento flexible y estudio de evaluación de impacto ambiental del desdoblamiento de la carretera Ticuantepe - Masaya - Granada, específicamente en el desvío Masaya - Coyotepe - Las Flores el cual plantea la metodología a usar en un estudio de tráfico para el diseño de un nuevo tramo de carretera por el método ASSHTO – 1986 para un periodo de 20 año, obtener los datos de geotecnia elemental de la línea de la ruta escogida. Identificar, evaluar y analizar los posibles impactos ambientales derivados por las diferentes actividades de construcción en la fase del proyecto y proponer alternativas variables de acuerdo a los efectos negativos identificados a fin de prevenir estos impactos. 
650 7 |a DISEÑO DE PAVIMENTO FLEXIBLE 
650 7 |b ESTUDIO DE TRANSITO 
650 7 |c ESTUDIO DE SUELO 
650 7 |d ESTUDIO DE IMPACTO AMBIENTAL 
700 1 |a Tutor:  |b Bustamante Arteaga, José Fernando 
942 |c BK  |2 ddc 
991 |a TESIS 
999 |c 18182